000 00504nam a2200169 i 4500
001 133949
003 ES-MaACL
005 20230906194550.0
007 t|
008 070904s1920 xxk ||||1| eng d
100 1 _aWest, Algernon.
_9116538
245 1 0 _aContemporary portraits
_b: men of my day in public life /
_cby Sir Algernon West.
260 _aLondon :
_bT. Fisher Unwin,
_c1920.
300 _aVI, 231 p. :
_bretr. ;
_c23 cm.
500 _aWith 24 illustrations.
852 _aES-MaACL
_jF-2241
999 _c133949
_d133949